Econometric Assessment of Customers’ Personality Biases and Communication Preferences Correlation

Kvantifikácia vlastností a predsudkov zákazníkov, ktoré ovplyvňujú racionalitu a následne voľbu nakúpiť či nenakúpiť.

Gespeichert in:
Bibliographische Detailangaben
1. Verfasser: Kostelić, Katarina
Weitere Verfasser: Pavlović, Danijela Križman
Format: Buchkapitel
Sprache:Englisch
Schlagworte:
Tags: Tag hinzufügen
Keine Tags, Fügen Sie das erste Tag hinzu!

MARC

LEADER 00000naa a2200000 4500
001 0248026
005 20220719115441.2
041 0 |a eng 
044 |a CZ 
245 1 0 |a Econometric Assessment of Customers’ Personality Biases and Communication Preferences Correlation  |c Katarina Kostelić, Danijela Križman Pavlović 
520 |a Kvantifikácia vlastností a predsudkov zákazníkov, ktoré ovplyvňujú racionalitu a následne voľbu nakúpiť či nenakúpiť. 
610 2 0 |a osobnosť 
610 2 0 |a marketing 
610 2 0 |a rozhodovanie 
610 2 0 |a regresia 
610 2 0 |a spotrebitelia 
100 1 |a Kostelić, Katarina 
700 1 |a Pavlović, Danijela Križman